| 000 | 00665nam a2200229Ia 4500 | ||
|---|---|---|---|
| 001 | 813 | ||
| 003 | GE_BSU | ||
| 008 | 181216s||||||||xx |||||||||||||| ||und|| | ||
| 020 | _a5060015661 | ||
| 040 | _cGE_BSU | ||
| 080 | _a551.4(05.8) | ||
| 100 | _aБеручашвили, Н.Л. | ||
| 245 | _aГеофизика ландшафта. | ||
| 245 | _bУчебное пособие для студ. ун-тов,обучающихся по спец.,География | ||
| 260 | _aМоска | ||
| 260 | _b,,Высш.Школа"", | ||
| 260 | _c1990 | ||
| 300 | _a288 с | ||
| 541 | _h8 л. | ||
| 653 | _aГеофизика Ландшафтф | ||
| 942 | _cBK | ||
| 999 |
_c34978 _d34978 |
||